LEADER 04207nam 22005415 450 001 9910300309303321 005 20200701175556.0 010 $a3-319-67420-X 024 7 $a10.1007/978-3-319-67420-9 035 $a(CKB)4100000007158792 035 $a(MiAaPQ)EBC5606198 035 $a(DE-He213)978-3-319-67420-9 035 $a(PPN)23247236X 035 $a(EXLCZ)994100000007158792 100 $a20181126d2018 u| 0 101 0 $aeng 135 $aurcnu|||||||| 181 $ctxt$2rdacontent 182 $cc$2rdamedia 183 $acr$2rdacarrier 200 10$aAdult Congenital Heart Disease in Clinical Practice /$fedited by Doreen DeFaria Yeh, Ami Bhatt 205 $a1st ed. 2018. 210 1$aCham :$cSpringer International Publishing :$cImprint: Springer,$d2018. 215 $a1 online resource (565 pages) 225 1 $aIn Clinical Practice,$x2199-6652 311 $a3-319-67418-8 327 $aGeneral Introductory Principles -- Terminology: Cardiac position, chamber morphology and Van Prague nomenclature -- Dextrocardias -- Shunt Lesions -- General Principles of shunt lesions -- Atrial Septal -- Defects and Sinus Venosus Defects -- Ventricular Septal Defects -- Atrioventricular Canal Type Defects -- Patent Ductus Arteriosus -- Miscellaneous Lesions -- Pulmonary Hypertension and Eisenmenger Physiology -- Persistent Left Superior Vena Cava -- Anomalous Pulmonary Venous Return -- Left Heart Obstructive Lesions -- Cor Triatriatum -- Congenital Mitral Stenosis -- Subaortic Stenosis -- Congenital Aortic Stenosis -- Supravalvular Aortic Stenosis -- Coarctation of the Aorta and Shone?s Complex -- Right Heart Obstructive Lesions -- Valvular Pulmonary Stenosis -- Supravalvular Pulmonary Stenosis -- Subvalvular Pulmonary Stenosis -- Double Chamber Right Ventricle -- Conotruncal Abnormalities -- Double Outlet Right Ventricle -- Tetralogy of Fallot -- Truncus Arteriosus -- D Looped Transposition of the Great Arteries -- L Looped or Congenitally Corrected Transposition of the Great Arteries -- Other Complex Lesions -- Ebstein?s Anomaly of the Tricuspid Valve -- Univentricular Heart and Fontan Palliation -- Left Ventricular Non-Compaction -- Genetic Thoracic Aortic Syndromes -- Coronary Abnormalities -- Congenital Coronary Artery Anomalies -- Kawasaki?s Disease -- Principles in Adult Congenital Heart Disease -- Advanced Cardiac Imaging in ACHD -- Cardiopulmonary Exercise Testing in ACHD -- Obesity and Exercise Restriction in ACHD -- Endocarditis Prophylaxis in ACHD -- Pregnancy in ACHD -- Heart Failure in ACHD -- Atherosclerotic Cardiovascular Risk in ACHD. 330 $aThere is an evident practice gap in education of general adult cardiologists on long-term management of congenital heart disease (CHD). The goal of this book is to help general cardiologists, but also pediatricians and related care providers in the management and diagnosis of adult CHD. Adult Congenital Heart Disease in Clinical Practice provides clear, practical advice on adult CHD for the busy fellow, resident and practicing clinician. It includes training and revision material to assist learning and is formatted in such a way as to provide short, concise content designed for easy recall of salient facts. 410 0$aIn Clinical Practice,$x2199-6652 606 $aCardiology 606 $aHeart$xSurgery 606 $aHeart$xImaging 606 $aCardiology$3https://scigraph.springernature.com/ontologies/product-market-codes/H33037 606 $aCardiac Surgery$3https://scigraph.springernature.com/ontologies/product-market-codes/H59028 606 $aCardiac Imaging$3https://scigraph.springernature.com/ontologies/product-market-codes/H29071 615 0$aCardiology. 615 0$aHeart$xSurgery. 615 0$aHeart$xImaging. 615 14$aCardiology. 615 24$aCardiac Surgery. 615 24$aCardiac Imaging. 676 $a616.12043 702 $aDeFaria Yeh$b Doreen$4edt$4http://id.loc.gov/vocabulary/relators/edt 702 $aBhatt$b Ami$4edt$4http://id.loc.gov/vocabulary/relators/edt 906 $aBOOK 912 $a9910300309303321 996 $aAdult Congenital Heart Disease in Clinical Practice$91742354 997 $aUNINA LEADER 02302oam 2200577Ia 450 001 9910696634403321 005 20141112102238.0 035 $a(CKB)5470000002380519 035 $a(OCoLC)424524870 035 $a(EXLCZ)995470000002380519 100 $a20090713d1999 ua 0 101 0 $aeng 135 $aurbn||||||||| 181 $ctxt$2rdacontent 182 $cc$2rdamedia 183 $acr$2rdacarrier 200 00$aFlux and sources of nutrients in the Mississippi-Atchafalaya River Basin$b[electronic resource] $etopic 3, report for the integrated assessment on hypoxia in the Gulf of Mexico /$fDonald A. Goolsby ... [and others] 210 1$aSilver Spring, MD :$cU.S. Dept. of Commerce, National Oceanic and Atmospheric Administration, Coastal Ocean Program,$d[1999] 215 $axvii, 130 pages $cillustrations (some color), color maps ;$d28 cm 225 1 $aNOAA Coastal Ocean Program decision analysis series ;$vno. 17 300 $aTitle from title screen (viewed on July 13, 2009). 300 $a"May 1999." 320 $aIncludes bibliographical references (pages 122-130). 517 $aFlux and sources of nutrients in the Mississippi-Atchafalaya River Basin 606 $aNutrient pollution of water$zLouisiana$zAtchafalaya River Watershed 606 $aNutrient pollution of water$zMexico, Gulf of 606 $aWater$xDissolved oxygen$zMexico, Gulf of 606 $aHypoxia (Water) 606 $aHypoxia (Water)$2fast 606 $aNutrient pollution of water$2fast 606 $aWater$xDissolved oxygen$2fast 607 $aGulf of America$2fast 607 $aLouisiana$zAtchafalaya River Watershed$2fast 615 0$aNutrient pollution of water 615 0$aNutrient pollution of water 615 0$aWater$xDissolved oxygen 615 0$aHypoxia (Water) 615 7$aHypoxia (Water) 615 7$aNutrient pollution of water. 615 7$aWater$xDissolved oxygen. 701 $aGoolsby$b D. A$01384262 712 02$aUnited States.$bNOAA Coastal Ocean Program Office. 801 0$bGPO 801 1$bGPO 801 2$bOCLCQ 801 2$bOCLCF 801 2$bGPO 906 $aBOOK 912 $a9910696634403321 996 $aFlux and sources of nutrients in the Mississippi-Atchafalaya River Basin$93462787 997 $aUNINA